| 000 | 00580nam a22001817a 4500 | ||
|---|---|---|---|
| 003 | OSt | ||
| 005 | 20181001055426.0 | ||
| 008 | 180228b xxu||||| |||| 00| 0 spa d | ||
| 040 | _cPJ | ||
| 100 |
_aWade, H. W. R. _921 |
||
| 245 | 1 | 0 |
_aDerecho administrativo / _cH. W. R. Wade, prólogo de Manuel Perez Olea. |
| 260 |
_aMadrid : _bInstituto de Estudios Políticos, _c1971. |
||
| 300 | _a541 p. ; | ||
| 490 |
_aEstudios de Administración _vXXXIX |
||
| 650 | 0 |
_aDERECHO ADMINISTRATIVO _9211 |
|
| 700 |
_91434 _aPerez Olea, Manuel _eprologuista |
||
| 942 |
_cLIB _2udc _h342.9 _iWAD |
||
| 999 |
_c28 _d28 |
||